[Event "Finale kupa Republike Hrvatske 2024."]
[Site "Mali Losinj, Croatia"]
[Date "2024.05.08"]
[Round "1.10"]
[White "Feltan, Mario"]
[Black "Kozul, Zdenko"]
[Result "0-1"]
[TimeControl "(90 min/40 move + 30 min) + 30 sec/move"]
[WhiteFideId "14513595"]
[BlackFideId "14502879"]
[WhiteElo "2160"]
[BlackElo "2511"]

1. e4 {[%clk 01:30:56]} {[%emt 00:00:02]} c5 {[%clk 01:30:44]} {[%emt
00:00:16]} 2. c3 {[%clk 01:31:03]} {[%emt 00:00:24]} Nf6 {[%clk 01:30:22]}
{[%emt 00:00:51]} 3. e5 {[%clk 01:31:13]} {[%emt 00:00:21]} Nd5 {[%clk
01:30:45]} {[%emt 00:00:06]} 4. d4 {[%clk 01:31:27]} {[%emt 00:00:17]} cxd4
{[%clk 01:31:05]} {[%emt 00:00:10]} 5. Nf3 {[%clk 01:31:52]} {[%emt 00:00:05]}
e6 {[%clk 01:29:58]} {[%emt 00:01:36]} 6. cxd4 {[%clk 01:32:10]} {[%emt
00:00:12]} d6 {[%clk 01:30:19]} {[%emt 00:00:09]} 7. exd6 {[%clk 01:32:10]}
{[%emt 00:00:30]} Bxd6 {[%clk 01:29:36]} {[%emt 00:01:13]} 8. Nc3 {[%clk
01:31:13]} {[%emt 00:01:26]} Nxc3 {[%clk 01:26:08]} {[%emt 00:03:59]} 9. bxc3
{[%clk 01:31:16]} {[%emt 00:00:28]} Qc7 {[%clk 01:26:22]} {[%emt 00:00:15]} 10.
Bd2 {[%clk 01:31:08]} {[%emt 00:00:38]} Nd7 {[%clk 01:25:27]} {[%emt 00:01:25]}
11. Bd3 {[%clk 01:28:33]} {[%emt 00:03:05]} b6 {[%clk 01:24:58]} {[%emt
00:00:58]} 12. O-O {[%clk 01:27:27]} {[%emt 00:01:37]} Bb7 {[%clk 01:25:20]}
{[%emt 00:00:08]} 13. h3 {[%clk 01:27:12]} {[%emt 00:00:45]} O-O {[%clk
01:24:55]} {[%emt 00:00:55]} 14. Qe2 {[%clk 01:26:04]} {[%emt 00:01:39]} Bf4
{[%clk 01:22:12]} {[%emt 00:03:13]} 15. Bxf4 {[%clk 01:21:35]} {[%emt
00:04:58]} Qxf4 {[%clk 01:22:26]} {[%emt 00:00:16]} 16. Qe3 {[%clk 01:21:49]}
{[%emt 00:00:16]} Qd6 {[%clk 01:17:09]} {[%emt 00:05:46]} 17. Nd2 {[%clk
01:19:43]} {[%emt 00:02:37]} Nf6 {[%clk 01:12:46]} {[%emt 00:04:52]} 18. Be4
{[%clk 01:16:09]} {[%emt 00:04:05]} Nxe4 {[%clk 01:10:32]} {[%emt 00:02:44]} 19.
Nxe4 {[%clk 01:16:00]} {[%emt 00:00:38]} Bxe4 {[%clk 01:10:56]} {[%emt
00:00:07]} 20. Qxe4 {[%clk 01:16:29]} {[%emt 00:00:02]} Rac8 {[%clk 01:11:18]}
{[%emt 00:00:07]} 21. Rfc1 {[%clk 01:03:11]} {[%emt 00:13:48]} Rc4 {[%clk
01:08:35]} {[%emt 00:03:12]} 22. Qb7 {[%clk 00:58:23]} {[%emt 00:05:18]} Ra4
{[%clk 01:05:31]} {[%emt 00:03:35]} 23. Rc2 {[%clk 00:56:36]} {[%emt 00:02:16]}
g6 {[%clk 00:58:39]} {[%emt 00:07:22]} 24. Rd1 {[%clk 00:55:11]} {[%emt
00:01:55]} Rb8 {[%clk 00:56:37]} {[%emt 00:02:32]} 25. Qf3 {[%clk 00:55:20]}
{[%emt 00:00:21]} Rc8 {[%clk 00:56:44]} {[%emt 00:00:23]} 26. Qb7 {[%clk
00:50:50]} {[%emt 00:05:01]} Qd8 {[%clk 00:44:45]} {[%emt 00:12:29]} 27. Rd3
{[%clk 00:47:41]} {[%emt 00:03:39]} Rc7 {[%clk 00:42:07]} {[%emt 00:03:07]} 28.
Qf3 {[%clk 00:47:57]} {[%emt 00:00:15]} Rd7 {[%clk 00:42:20]} {[%emt 00:00:17]}
29. Rcd2 {[%clk 00:46:29]} {[%emt 00:01:56]} Rd5 {[%clk 00:42:39]} {[%emt
00:00:12]} 30. Re2 {[%clk 00:44:53]} {[%emt 00:02:05]} Kg7 {[%clk 00:28:01]}
{[%emt 00:15:09]} 31. Rde3 {[%clk 00:38:43]} {[%emt 00:06:40]} Rc4 {[%clk
00:21:31]} {[%emt 00:07:00]} 32. Re5 {[%clk 00:36:52]} {[%emt 00:02:21]} Rd7
{[%clk 00:20:45]} {[%emt 00:01:16]} 33. Rd2 {[%clk 00:34:55]} {[%emt 00:02:28]}
Qc7 {[%clk 00:17:11]} {[%emt 00:04:03]} 34. Re3 {[%clk 00:31:56]} {[%emt
00:03:29]} Rd5 {[%clk 00:17:13]} {[%emt 00:00:28]} 35. Rdd3 {[%clk 00:30:04]}
{[%emt 00:02:22]} b5 {[%clk 00:14:19]} {[%emt 00:03:24]} 36. Qe2 {[%clk
00:27:55]} {[%emt 00:02:39]} b4 {[%clk 00:11:00]} {[%emt 00:03:48]} 37. cxb4
{[%clk 00:27:26]} {[%emt 00:01:00]} Rc1+ {[%clk 00:11:03]} {[%emt 00:00:26]} 38.
Rd1 {[%clk 00:27:51]} {[%emt 00:00:06]} Rxd4 {[%clk 00:10:50]} {[%emt
00:00:43]} 39. Rxc1 {[%clk 00:25:09]} {[%emt 00:03:12]} Qxc1+ {[%clk 00:11:12]}
{[%emt 00:00:08]} 40. Kh2 {[%clk 00:53:58]} {[%emt 00:01:41]} Rxb4 {[%clk
00:40:41]} {[%emt 00:01:01]} 41. Rb3 {[%clk 00:53:40]} {[%emt 00:00:48]} Qc7+
{[%clk 00:36:20]} {[%emt 00:04:50]} 42. g3 {[%clk 00:53:42]} {[%emt 00:00:29]}
Rxb3 {[%clk 00:36:40]} {[%emt 00:00:11]} 43. axb3 {[%clk 00:54:05]} {[%emt
00:00:07]} Qc3 {[%clk 00:37:04]} {[%emt 00:00:03]} 44. Qa6 {[%clk 00:50:54]}
{[%emt 00:03:42]} Qd4 {[%clk 00:35:59]} {[%emt 00:01:35]} 45. Kg1 {[%clk
00:50:08]} {[%emt 00:01:17]} h5 {[%clk 00:36:14]} {[%emt 00:00:15]} 46. h4
{[%clk 00:50:15]} {[%emt 00:00:23]} Kf6 {[%clk 00:32:07]} {[%emt 00:04:36]} 47.
Qe2 {[%clk 00:50:06]} {[%emt 00:00:36]} Ke7 {[%clk 00:30:58]} {[%emt 00:01:43]}
48. Qc2 {[%clk 00:50:07]} {[%emt 00:00:27]} Qb6 {[%clk 00:30:38]} {[%emt
00:00:51]} 49. Qc4 {[%clk 00:49:56]} {[%emt 00:00:41]} a5 {[%clk 00:29:00]}
{[%emt 00:02:09]} 50. Qf4 {[%clk 00:49:44]} {[%emt 00:00:39]} Qc5 {[%clk
00:28:29]} {[%emt 00:01:03]} 51. Qd2 {[%clk 00:48:33]} {[%emt 00:01:41]} e5
{[%clk 00:25:08]} {[%emt 00:03:51]} 52. Qd3 {[%clk 00:48:22]} {[%emt 00:00:40]}
Ke6 {[%clk 00:22:02]} {[%emt 00:03:37]} 53. Qd8 {[%clk 00:48:15]} {[%emt
00:00:36]} Qd5 {[%clk 00:21:38]} {[%emt 00:00:55]} 54. Qb8 {[%clk 00:47:47]}
{[%emt 00:00:57]} Kf5 {[%clk 00:20:42]} {[%emt 00:01:27]} 55. Qc8+ {[%clk
00:46:47]} {[%emt 00:01:30]} Kf6 {[%clk 00:19:49]} {[%emt 00:01:22]} 56. Qc3
{[%clk 00:47:03]} {[%emt 00:00:15]} Qb5 {[%clk 00:18:51]} {[%emt 00:01:28]} 57.
Qc7 {[%clk 00:45:22]} {[%emt 00:02:11]} Qb4 {[%clk 00:14:14]} {[%emt 00:05:07]}
58. Qd8+ {[%clk 00:44:31]} {[%emt 00:01:21]} Kg7 {[%clk 00:14:28]} {[%emt
00:00:16]} 59. Qd5 {[%clk 00:44:42]} {[%emt 00:00:19]} Qc3 {[%clk 00:14:42]}
{[%emt 00:00:16]} 60. Kg2 {[%clk 00:44:32]} {[%emt 00:00:39]} Qe1 {[%clk
00:12:33]} {[%emt 00:02:40]} 61. Qb5 {[%clk 00:44:09]} {[%emt 00:00:53]} Qa1
{[%clk 00:12:13]} {[%emt 00:00:51]} 62. Qd5 {[%clk 00:43:53]} {[%emt 00:00:44]}
Qc3 {[%clk 00:12:35]} {[%emt 00:00:08]} 63. Qb5 {[%clk 00:44:12]} {[%emt
00:00:11]} e4 {[%clk 00:12:35]} {[%emt 00:00:31]} 64. Qd5 {[%clk 00:43:47]}
{[%emt 00:00:55]} Qf3+ {[%clk 00:12:34]} {[%emt 00:00:31]} 65. Kg1 {[%clk
00:43:54]} {[%emt 00:00:24]} Kh7 {[%clk 00:11:25]} {[%emt 00:01:38]} 66. Qb7
{[%clk 00:42:38]} {[%emt 00:01:47]} Qf5 {[%clk 00:11:18]} {[%emt 00:00:36]} 67.
Qa7 {[%clk 00:40:03]} {[%emt 00:03:04]} Kg8 {[%clk 00:11:41]} {[%emt 00:00:08]}
68. Qb8+ {[%clk 00:39:16]} {[%emt 00:01:15]} Kg7 {[%clk 00:12:05]} {[%emt
00:00:08]} 69. Qd6 {[%clk 00:38:25]} {[%emt 00:01:20]} Qb5 {[%clk 00:11:35]}
{[%emt 00:01:01]} 70. Qd4+ {[%clk 00:37:54]} {[%emt 00:00:59]} Kh7 {[%clk
00:10:32]} {[%emt 00:01:35]} 71. Qa7 {[%clk 00:37:56]} {[%emt 00:00:26]} Qd5
{[%clk 00:10:03]} {[%emt 00:01:00]} 72. Qb6 {[%clk 00:36:50]} {[%emt 00:01:36]}
Kg7 {[%clk 00:10:24]} {[%emt 00:00:10]} 73. Qa7 {[%clk 00:36:41]} {[%emt
00:00:39]} Kf6 {[%clk 00:10:23]} {[%emt 00:00:31]} 74. Qc7 {[%clk 00:35:19]}
{[%emt 00:01:51]} Qe5 {[%clk 00:08:43]} {[%emt 00:02:11]} 75. Qa7 {[%clk
00:34:43]} {[%emt 00:01:05]} e3 {[%clk 00:08:13]} {[%emt 00:01:01]} 76. fxe3
{[%clk 00:32:16]} {[%emt 00:02:58]} Qxg3+ {[%clk 00:08:29]} {[%emt 00:00:13]}
77. Kf1 {[%clk 00:32:38]} {[%emt 00:00:08]} Qf3+ {[%clk 00:07:51]} {[%emt
00:01:08]} 78. Ke1 {[%clk 00:32:43]} {[%emt 00:00:24]} Qd5 {[%clk 00:08:16]}
{[%emt 00:00:06]} 79. Kf2 {[%clk 00:32:23]} {[%emt 00:00:50]} Kg7 {[%clk
00:06:58]} {[%emt 00:01:47]} 80. Qb6 {[%clk 00:31:39]} {[%emt 00:01:14]} Qd2+
{[%clk 00:07:01]} {[%emt 00:00:27]} 81. Kf3 {[%clk 00:31:11]} {[%emt 00:00:58]}
Qb4 {[%clk 00:07:24]} {[%emt 00:00:07]} 82. Qd8 {[%clk 00:30:58]} {[%emt
00:00:44]} Qg4+ {[%clk 00:05:28]} {[%emt 00:02:27]} 83. Kf2 {[%clk 00:31:23]}
{[%emt 00:00:04]} Qf5+ {[%clk 00:05:53]} {[%emt 00:00:05]} 84. Kg3 {[%clk
00:31:26]} {[%emt 00:00:27]} Qe5+ {[%clk 00:06:12]} {[%emt 00:00:11]} 85. Kf2
{[%clk 00:31:12]} {[%emt 00:00:44]} Qf6+ {[%clk 00:06:33]} {[%emt 00:00:08]} 86.
Kg3 {[%emt 00:00:27]} Qe5+ {[%emt 00:00:01]} 0-1

[Event "Finale kupa Republike Hrvatske 2024."]
[Site "Mali Losinj, Croatia"]
[Date "2024.05.08"]
[Round "1.11"]
[White "Jovanovic, Zoran"]
[Black "Zlatarevic, Ivan"]
[Result "1-0"]
[TimeControl "(90 min/40 move + 30 min) + 30 sec/move"]
[WhiteFideId "14505320"]
[BlackFideId "14412233"]
[WhiteElo "2533"]
[BlackElo "1987"]

1. e4 {[%clk 01:30:59]} {[%emt 16:46:52]} e5 {[%clk 01:30:35]} {[%emt
00:00:26]} 2. Nf3 {[%clk 01:31:24]} {[%emt 00:00:04]} Nc6 {[%clk 01:30:49]}
{[%emt 00:00:17]} 3. Bb5 {[%clk 01:31:46]} {[%emt 00:00:07]} a6 {[%clk
01:25:56]} {[%emt 00:05:24]} 4. Ba4 {[%clk 01:29:37]} {[%emt 00:02:39]} Nf6
{[%clk 01:25:27]} {[%emt 00:01:00]} 5. Nc3 {[%clk 01:30:00]} {[%emt 00:00:06]}
Bc5 {[%clk 01:20:33]} {[%emt 00:05:23]} 6. Bxc6 {[%clk 01:26:39]} {[%emt
00:03:51]} dxc6 {[%clk 01:20:48]} {[%emt 00:00:15]} 7. d3 {[%clk 01:27:03]}
{[%emt 00:00:06]} Nd7 {[%clk 01:15:55]} {[%emt 00:05:22]} 8. Be3 {[%clk
01:21:35]} {[%emt 00:05:58]} Bd6 {[%clk 01:15:17]} {[%emt 00:01:09]} 9. O-O
{[%clk 01:14:28]} {[%emt 00:07:38]} O-O {[%clk 01:14:34]} {[%emt 00:01:13]} 10.
Ne2 {[%clk 01:13:25]} {[%emt 00:01:32]} Re8 {[%clk 01:12:02]} {[%emt 00:03:01]}
11. Ng3 {[%clk 01:12:40]} {[%emt 00:01:16]} Nf8 {[%clk 01:11:32]} {[%emt
00:01:00]} 12. Nd2 {[%clk 01:12:34]} {[%emt 00:00:37]} c5 {[%clk 01:02:25]}
{[%emt 00:09:37]} 13. Nf5 {[%clk 01:09:51]} {[%emt 00:03:12]} f6 {[%clk
00:51:49]} {[%emt 00:11:04]} 14. Qg4 {[%clk 01:04:12]} {[%emt 00:06:10]} Qd7
{[%clk 00:47:34]} {[%emt 00:04:45]} 15. Nc4 {[%clk 01:00:37]} {[%emt 00:04:06]}
Kh8 {[%clk 00:44:01]} {[%emt 00:04:02]} 16. Qg3 {[%clk 00:59:44]} {[%emt
00:01:24]} b5 {[%clk 00:41:31]} {[%emt 00:03:01]} 17. Nfxd6 {[%clk 00:59:43]}
{[%emt 00:00:31]} cxd6 {[%clk 00:41:29]} {[%emt 00:00:32]} 18. Nb6 {[%clk
01:00:11]} {[%emt 00:00:02]} Qc6 {[%clk 00:41:28]} {[%emt 00:00:23]} 19. Nxa8
{[%clk 01:00:40]} Qxa8 {[%clk 00:41:56]} {[%emt 00:00:11]} 20. f4 {[%clk
01:00:51]} {[%emt 00:00:18]} Qc6 {[%clk 00:41:49]} {[%emt 00:00:38]} 21. Rf2
{[%clk 00:58:03]} {[%emt 00:03:17]} Ng6 {[%clk 00:38:42]} {[%emt 00:03:37]} 22.
f5 {[%clk 00:55:18]} {[%emt 00:03:15]} Ne7 {[%clk 00:38:55]} {[%emt 00:00:17]}
23. Qh4 {[%clk 00:55:35]} {[%emt 00:00:13]} d5 {[%clk 00:35:27]} {[%emt
00:03:58]} 24. Rf3 {[%clk 00:53:29]} {[%emt 00:02:36]} Ng8 {[%clk 00:35:17]}
{[%emt 00:00:40]} 25. Rh3 {[%clk 00:49:46]} {[%emt 00:04:13]} h6 {[%clk
00:35:38]} {[%emt 00:00:09]} 26. Re1 {[%clk 00:46:45]} {[%emt 00:03:30]} dxe4
{[%clk 00:34:51]} {[%emt 00:01:18]} 27. dxe4 {[%clk 00:46:52]} {[%emt
00:00:23]} Rd8 {[%clk 00:33:54]} {[%emt 00:01:27]} 28. Rg3 {[%clk 00:46:50]}
{[%emt 00:00:32]} Bb7 {[%clk 00:31:38]} {[%emt 00:02:46]} 29. Qg4 {[%clk
00:44:20]} {[%emt 00:02:59]} Rd7 {[%clk 00:31:27]} {[%emt 00:00:41]} 30. Bf2
{[%clk 00:43:25]} {[%emt 00:01:25]} Qc7 {[%clk 00:27:45]} {[%emt 00:04:13]} 31.
Rd3 {[%clk 00:43:17]} {[%emt 00:00:38]} c4 {[%clk 00:24:35]} {[%emt 00:03:41]}
32. Rxd7 {[%clk 00:41:56]} {[%emt 00:01:51]} Qxd7 {[%clk 00:25:03]} {[%emt
00:00:01]} 33. h3 {[%clk 00:40:55]} {[%emt 00:01:30]} Ne7 {[%clk 00:19:29]}
{[%emt 00:06:04]} 34. Bc5 {[%clk 00:34:54]} {[%emt 00:06:31]} Ng8 {[%clk
00:19:09]} {[%emt 00:00:50]} 35. Rd1 {[%clk 00:34:15]} {[%emt 00:01:07]} Qc8
{[%clk 00:18:24]} {[%emt 00:01:17]} 36. Bb4 {[%clk 00:33:47]} {[%emt 00:00:57]}
Bc6 {[%clk 00:16:48]} {[%emt 00:02:07]} 37. Kh2 {[%clk 00:33:30]} {[%emt
00:00:46]} Qa8 {[%clk 00:16:11]} {[%emt 00:01:08]} 38. Bc5 {[%clk 00:30:02]}
{[%emt 00:03:58]} Qb7 {[%clk 00:15:26]} {[%emt 00:01:14]} 39. Bf8 {[%clk
00:30:25]} {[%emt 00:00:07]} Qf7 {[%clk 00:15:08]} {[%emt 00:00:48]} 40. Rd8
{[%clk 01:00:43]} {[%emt 00:00:12]} Qc7 {[%clk 00:44:45]} {[%emt 00:00:54]} 41.
Rc8 {[%clk 01:01:07]} {[%emt 00:00:05]} 1-0

[Event "Finale kupa Republike Hrvatske 2024."]
[Site "Mali Losinj, Croatia"]
[Date "2024.05.08"]
[Round "1.12"]
[White "Golubicic, Luka"]
[Black "Kovacevic, Blazimir"]
[Result "0-1"]
[TimeControl "(90 min/40 move + 30 min) + 30 sec/move"]
[WhiteFideId "14520389"]
[BlackFideId "14502712"]
[WhiteElo "1905"]
[BlackElo "2372"]

1. e4 {[%clk 01:30:57]} {[%emt 00:00:02]} c5 {[%clk 01:30:53]} {[%emt
00:00:07]} 2. Nf3 {[%clk 01:31:21]} {[%emt 00:00:07]} a6 {[%clk 01:31:05]}
{[%emt 00:00:15]} 3. g3 {[%clk 01:31:35]} {[%emt 00:00:18]} b5 {[%clk
01:31:05]} {[%emt 00:00:30]} 4. Bg2 {[%clk 01:32:02]} {[%emt 00:00:04]} Bb7
{[%clk 01:31:30]} {[%emt 00:00:04]} 5. d3 {[%clk 01:32:15]} {[%emt 00:00:17]}
e6 {[%clk 01:30:46]} {[%emt 00:01:14]} 6. O-O {[%clk 01:32:33]} {[%emt
00:00:13]} d6 {[%clk 01:30:53]} {[%emt 00:00:22]} 7. Re1 {[%clk 01:32:33]}
{[%emt 00:00:30]} Nf6 {[%clk 01:30:30]} {[%emt 00:00:53]} 8. Nbd2 {[%clk
01:30:21]} {[%emt 00:02:43]} Nbd7 {[%clk 01:29:25]} {[%emt 00:01:35]} 9. Qe2
{[%clk 01:27:16]} {[%emt 00:03:34]} e5 {[%clk 01:24:29]} {[%emt 00:05:27]} 10.
h3 {[%clk 01:25:56]} {[%emt 00:01:50]} g6 {[%clk 01:23:58]} {[%emt 00:00:58]}
11. c4 {[%clk 01:16:16]} {[%emt 00:10:13]} Bg7 {[%clk 01:22:12]} {[%emt
00:02:14]} 12. b3 {[%clk 01:15:48]} {[%emt 00:01:00]} O-O {[%clk 01:21:17]}
{[%emt 00:01:25]} 13. Nh2 {[%clk 01:05:48]} {[%emt 00:10:29]} Ne8 {[%clk
01:16:35]} {[%emt 00:05:11]} 14. g4 {[%clk 01:04:49]} {[%emt 00:01:30]} Nc7
{[%clk 01:16:12]} {[%emt 00:00:53]} 15. Ndf1 {[%clk 01:02:41]} {[%emt
00:02:38]} Ne6 {[%clk 01:14:37]} {[%emt 00:02:06]} 16. Be3 {[%clk 01:02:49]}
{[%emt 00:00:21]} Bc6 {[%clk 01:06:43]} {[%emt 00:08:24]} 17. Qd2 {[%clk
01:00:13]} {[%emt 00:03:06]} a5 {[%clk 01:06:06]} {[%emt 00:01:07]} 18. Ng3
{[%clk 00:59:50]} {[%emt 00:00:54]} a4 {[%clk 01:04:14]} {[%emt 00:02:21]} 19.
g5 {[%clk 00:49:27]} {[%emt 00:10:53]} Nf4 {[%clk 00:57:16]} {[%emt 00:07:29]}
20. h4 {[%clk 00:47:59]} {[%emt 00:01:57]} f6 {[%clk 00:50:37]} {[%emt
00:07:09]} 21. Nf3 {[%clk 00:42:14]} {[%emt 00:06:15]} Nxg2 {[%clk 00:48:07]}
{[%emt 00:03:00]} 22. Kxg2 {[%clk 00:42:14]} {[%emt 00:00:30]} f5 {[%clk
00:48:32]} {[%emt 00:00:05]} 0-1

[Event "Finale kupa Republike Hrvatske 2024."]
[Site "Mali Losinj, Croatia"]
[Date "2024.05.08"]
[Round "1.13"]
[White "Jakrlin, Mihael"]
[Black "Tica, Sven"]
[Result "0-1"]
[TimeControl "(90 min/40 move + 30 min) + 30 sec/move"]
[WhiteFideId "14539918"]
[BlackFideId "14526948"]
[WhiteElo "2115"]
[BlackElo "2425"]

1. d4 {[%clk 01:30:56]} {[%emt 00:00:03]} d5 {[%clk 01:30:52]} {[%emt
00:00:08]} 2. c4 {[%clk 01:31:21]} {[%emt 00:00:06]} e6 {[%clk 01:31:18]}
{[%emt 00:00:04]} 3. Nf3 {[%clk 01:31:45]} {[%emt 00:00:06]} Nf6 {[%clk
01:31:28]} {[%emt 00:00:20]} 4. g3 {[%clk 01:32:09]} {[%emt 00:00:05]} Be7
{[%clk 01:31:18]} {[%emt 00:00:40]} 5. Bg2 {[%clk 01:32:35]} {[%emt 00:00:05]}
O-O {[%clk 01:31:29]} {[%emt 00:00:18]} 6. O-O {[%clk 01:33:00]} {[%emt
00:00:05]} a5 {[%clk 01:29:31]} {[%emt 00:02:29]} 7. Qc2 {[%clk 01:32:23]}
{[%emt 00:01:07]} c6 {[%clk 01:29:02]} {[%emt 00:00:59]} 8. Nbd2 {[%clk
01:32:08]} {[%emt 00:00:45]} b6 {[%clk 01:28:12]} {[%emt 00:01:19]} 9. e4
{[%clk 01:30:11]} {[%emt 00:02:27]} Bb7 {[%clk 01:27:26]} {[%emt 00:01:17]} 10.
Rd1 {[%clk 01:20:21]} {[%emt 00:10:20]} Na6 {[%clk 01:25:15]} {[%emt 00:02:40]}
11. e5 {[%clk 01:16:01]} {[%emt 00:04:50]} Nd7 {[%clk 01:24:53]} {[%emt
00:00:52]} 12. h4 {[%clk 01:09:21]} {[%emt 00:07:11]} c5 {[%clk 01:01:24]}
{[%emt 00:23:59]} 13. dxc5 {[%clk 01:03:08]} {[%emt 00:06:43]} Naxc5 {[%clk
00:56:23]} {[%emt 00:05:30]} 14. b3 {[%clk 00:56:05]} {[%emt 00:07:32]} Rc8
{[%clk 00:48:42]} {[%emt 00:08:12]} 15. Bb2 {[%clk 00:55:34]} {[%emt 00:01:01]}
Qc7 {[%clk 00:40:14]} {[%emt 00:08:58]} 16. Rac1 {[%clk 00:55:13]} {[%emt
00:00:51]} Rfd8 {[%clk 00:40:31]} {[%emt 00:00:13]} 17. Nf1 {[%clk 00:39:12]}
{[%emt 00:16:30]} dxc4 {[%clk 00:35:36]} {[%emt 00:05:25]} 18. bxc4 {[%clk
00:33:30]} {[%emt 00:06:13]} Bxf3 {[%clk 00:34:21]} {[%emt 00:01:44]} 19. Bxf3
{[%clk 00:33:57]} {[%emt 00:00:02]} Nxe5 {[%clk 00:34:43]} {[%emt 00:00:09]} 20.
Bxe5 {[%clk 00:32:20]} {[%emt 00:02:08]} Qxe5 {[%clk 00:35:01]} {[%emt
00:00:12]} 21. Rxd8+ {[%clk 00:27:42]} {[%emt 00:05:09]} Rxd8 {[%clk 00:32:59]}
{[%emt 00:02:31]} 22. Rd1 {[%clk 00:27:17]} {[%emt 00:00:54]} Rxd1 {[%clk
00:28:57]} {[%emt 00:04:32]} 23. Qxd1 {[%clk 00:22:04]} {[%emt 00:05:43]} Qc7
{[%clk 00:23:48]} {[%emt 00:05:39]} 24. Ne3 {[%clk 00:20:23]} {[%emt 00:02:11]}
Nd7 {[%clk 00:23:38]} {[%emt 00:00:40]} 25. Qa4 {[%clk 00:20:15]} {[%emt
00:00:37]} Bc5 {[%clk 00:22:38]} {[%emt 00:01:31]} 26. Nf1 {[%clk 00:19:18]}
{[%emt 00:01:28]} Kf8 {[%clk 00:21:03]} {[%emt 00:02:05]} 27. h5 {[%clk
00:18:18]} {[%emt 00:01:29]} Ne5 {[%clk 00:20:14]} {[%emt 00:01:20]} 28. Be2
{[%clk 00:18:40]} {[%emt 00:00:07]} Qd6 {[%clk 00:18:12]} {[%emt 00:02:32]} 29.
Qc2 {[%clk 00:18:34]} {[%emt 00:00:36]} h6 {[%clk 00:15:00]} {[%emt 00:03:42]}
30. a4 {[%clk 00:17:20]} {[%emt 00:01:45]} Qd4 {[%clk 00:13:50]} {[%emt
00:01:40]} 31. Ne3 {[%clk 00:17:45]} {[%emt 00:00:05]} Qa1+ {[%clk 00:13:55]}
{[%emt 00:00:25]} 32. Nd1 {[%clk 00:18:00]} {[%emt 00:00:15]} Nc6 {[%clk
00:13:45]} {[%emt 00:00:40]} 33. Qe4 {[%clk 00:14:42]} {[%emt 00:03:48]} Qxa4
{[%clk 00:10:59]} {[%emt 00:03:16]} 34. Kg2 {[%clk 00:14:18]} {[%emt 00:00:52]}
Nd4 {[%clk 00:10:50]} {[%emt 00:00:40]} 35. Nc3 {[%clk 00:13:45]} {[%emt
00:01:03]} Qc6 {[%clk 00:09:24]} {[%emt 00:01:56]} 36. Qxc6 {[%clk 00:13:59]}
{[%emt 00:00:16]} Nxc6 {[%clk 00:09:48]} {[%emt 00:00:06]} 37. f4 {[%clk
00:14:25]} {[%emt 00:00:04]} Bd4 {[%clk 00:09:33]} {[%emt 00:00:45]} 38. Na4
{[%clk 00:12:59]} {[%emt 00:01:56]} Ke7 {[%clk 00:04:31]} {[%emt 00:05:33]} 39.
Bd3 {[%clk 00:12:18]} {[%emt 00:01:10]} Kd6 {[%clk 00:04:34]} {[%emt 00:00:28]}
40. Kf3 {[%clk 00:42:41]} {[%emt 00:00:07]} Nb4 {[%clk 00:34:02]} {[%emt
00:01:01]} 41. Bh7 {[%clk 00:42:15]} {[%emt 00:00:55]} Na6 {[%clk 00:32:33]}
{[%emt 00:02:01]} 42. g4 {[%clk 00:41:47]} {[%emt 00:00:58]} e5 {[%clk
00:31:21]} {[%emt 00:01:42]} 43. g5 {[%clk 00:41:43]} {[%emt 00:00:34]} exf4
{[%clk 00:31:03]} {[%emt 00:00:47]} 44. gxh6 {[%clk 00:42:07]} {[%emt
00:00:06]} gxh6 {[%clk 00:31:27]} {[%emt 00:00:06]} 45. Kxf4 {[%clk 00:41:42]}
{[%emt 00:00:56]} Nc5 {[%clk 00:30:56]} {[%emt 00:01:01]} 0-1